000 00491nam a2200217Ia 4500
003 OSt
005 20221130152244.0
008 210423s2001 xx 000 0 und d
020 _a8175960558
040 _cAL
041 _aeng
082 _a574 JONM
100 _aJONES (Mary).
_964360
245 _aBiology.
260 _aCambridge
_bCambridge University Press
_c2001
300 _a208
_bPB
365 _cINR
650 _aBiology
_964361
906 _aBiology
942 _2ddc
_cBK
999 _c162679
_d162679